| 000 | 00501nmm a2200169Ia 4500 | ||
|---|---|---|---|
| 008 | 251105s9999||||xx |||||||||||||||||und|| | ||
| 020 | _a9789876990820 | ||
| 041 | _aspa | ||
| 100 | _aNivello, Mariana | ||
| 245 | 0 | _aEstado y cooperativismo : el servicio público de electricidad | |
| 264 |
_a[Buenos Aires, Argentina] : _bEduvim, _c2015 |
||
| 300 | _a150 páginas | ||
| 490 | _aJQKA | ||
| 650 | _aEconomics and Business | ||
| 856 | _uhttps://public.digitaliapublishing.com/a/41037 | ||
| 942 | _cCF | ||
| 999 |
_c97577 _d97577 |
||